[Event "ROM-ch (Women)"]
[Site "Eforie Nord"]
[Date "2024.02.25"]
[Round "2"]
[White "Puia, Alexia Teodora"]
[Black "Trifoi, Mihaela Ioana"]
[Result "0-1"]
[WhiteElo "1751"]
[BlackElo "2003"]
[PlyCount "70"]
[EventDate "2024.02.24"]
[EventType "swiss"]
[EventRounds "9"]
[EventCountry "ROU"]
[SourceTitle "CB10_2024"]
[SourceDate "2024.03.06"]
[SourceVersion "1"]
[SourceVersionDate "2024.03.06"]
[SourceQuality "1"]

1. d4 d5 2. c4 e6 3. cxd5 exd5 4. Nc3 Nf6 5. Bg5 Be7 6. Qc2 c6 7. e3 h6 8. Bh4 0-0 9. Bd3 Re8 10. Nge2 Ne4 11. Bxe7 Qxe7 12. 0-0 Nd7 13. Bxe4 dxe4 14. d5 Nf6 15. dxc6 bxc6 16. Na4 Ba6 17. Rfe1 Bd3 18. Qc5 Qc7 19. Nf4 Rad8 20. Rac1 Rd6 21. Nc3 Qb8 22. Rcd1 Nd7 23. Qa3 c5 24. Rd2 Ra6 25. Na4 Nb6 26. b3 Rxa4 27. bxa4 Nc4 28. Qc3 Nxd2 29. Qxd2 c4 30. Qa5 Qb2 31. Nd5 Qxa2 32. Qxa7 c3 33. Ne7+ Rxe7 34. Qxe7 Qd2 35. Ra1 c2 0-1

[Event "ROM-chT Rapid (Women)"]
[Site "Sebes"]
[Date "2023.12.02"]
[Round "7.3"]
[White "Puia, Alexia Teodora"]
[Black "Iordache, Alexia Andreea"]
[Result "0-1"]
[WhiteElo "1751"]
[BlackElo "1770"]
[PlyCount "92"]
[EventDate "2023.12.02"]
[EventType "team-tourn (rapid)"]
[EventRounds "7"]
[EventCountry "ROU"]
[SourceTitle "CB49_2023"]
[SourceDate "2023.12.06"]
[SourceVersion "1"]
[SourceVersionDate "2023.12.06"]
[SourceQuality "1"]
[WhiteTeam "Bucharest CSM (W)"]
[BlackTeam "Arnia Chess IT (W)"]
[WhiteTeamCountry "ROU"]
[BlackTeamCountry "ROU"]

1. d4 Nf6 2. Nc3 d5 3. Bg5 Nbd7 4. f3 c6 5. e4 h6 6. Bxf6 Nxf6 7. e5 Ng8 8. f4 Bf5 9. Bd3 Bxd3 10. Qxd3 e6 11. Nge2 Qb6 12. f5 exf5 13. Qxf5 Ne7 14. Qf3 Ng6 15. 0-0 0-0-0 16. Na4 Qa6 17. Qxf7 Qxe2 18. Qxg6 Qe3+ 19. Kh1 Qxd4 20. Qf5+ Kb8 21. Rf4 Qd2 22. e6 Bd6 23. Rf2 Qa5 24. Nc3 Rhf8 25. e7 Bxe7 26. Qe5+ Bd6 27. Qe2 Rxf2 28. Qxf2 Qc7 29. g3 Rf8 30. Qe2 Qf7 31. Kg2 Re8 32. Qd3 Qe6 33. Rf1 Bc7 34. Rf2 Bb6 35. Re2 Qf7 36. Rxe8+ Qxe8 37. Qf5 a6 38. Qg4 Qe7 39. Qf4+ Ka7 40. a4 g5 41. Qf3 Qe1 42. Ne2 h5 43. Qf1 Qd2 44. Qf3 Qxc2 45. b4 g4 46. Qf1 Qe4+ 0-1

[Event "ROM-chT Rapid (Women)"]
[Site "Sebes"]
[Date "2023.12.02"]
[Round "4.3"]
[White "Sabou, Stefania Theodora"]
[Black "Puia, Alexia Teodora"]
[Result "0-1"]
[WhiteElo "1314"]
[BlackElo "1751"]
[PlyCount "72"]
[EventDate "2023.12.02"]
[EventType "team-tourn (rapid)"]
[EventRounds "7"]
[EventCountry "ROU"]
[SourceTitle "CB49_2023"]
[SourceDate "2023.12.06"]
[SourceVersion "1"]
[SourceVersionDate "2023.12.06"]
[SourceQuality "1"]
[WhiteTeam "Bucharest CSU  (W)"]
[BlackTeam "Bucharest CSM (W)"]
[WhiteTeamCountry "ROU"]
[BlackTeamCountry "ROU"]

1. d4 Nf6 2. Nf3 e6 3. c4 d5 4. e3 Be7 5. Be2 0-0 6. 0-0 b6 7. Nc3 Bb7 8. a3 Nbd7 9. b3 Ne4 10. Nxe4 dxe4 11. Nd2 f5 12. f3 Nf6 13. fxe4 Nxe4 14. Nxe4 Bxe4 15. Bf3 Bxf3 16. gxf3 Bh4 17. Kh1 Qf6 18. Ra2 Rad8 19. Qe2 c5 20. Bb2 Qh6 21. dxc5 bxc5 22. Be5 Bf6 23. Bc7 Rd7 24. Ba5 Rb8 25. b4 Bc3 26. Rb1 Rdb7 27. Rc1 cxb4 28. axb4 Bxb4 29. Bxb4 Rxb4 30. Rxa7 Rb2 31. Rc2 Rb1+ 32. Kg2 Qg5+ 33. Kh3 Rg1 34. Qg2 Rxg2 35. Rxg2 Qh6+ 36. Kg3 Qxe3 0-1

[Event "EU-ch U18 Girls 31st"]
[Site "Mamaia"]
[Date "2023.09.13"]
[Round "8"]
[White "Puia, Alexia Teodora"]
[Black "Obada, Ema"]
[Result "0-1"]
[WhiteElo "1666"]
[BlackElo "2062"]
[PlyCount "68"]
[EventDate "2023.09.05"]
[EventType "swiss"]
[EventRounds "9"]
[EventCountry "ROU"]
[SourceTitle "EXT 2024"]
[Source "ChessBase"]
[SourceDate "2023.10.10"]
[SourceVersion "1"]
[SourceVersionDate "2023.10.10"]
[SourceQuality "1"]

1. d4 Nf6 2. Nf3 e6 3. Bg5 h6 4. Bxf6 Qxf6 5. e4 d5 6. e5 Qd8 7. c3 c5 8. Bb5+ Nc6 9. 0-0 Bd7 10. c4 dxc4 11. d5 Nb4 12. Bxd7+ Qxd7 13. d6 g6 14. Nbd2 Bg7 15. Nxc4 b5 16. Na5 0-0 17. a3 Nd5 18. Nb3 Rac8 19. Rc1 c4 20. Nbd4 Nf4 21. Rb1 Nd3 22. Qe2 Rc5 23. b3 Nxe5 24. bxc4 bxc4 25. Rfd1 Nd3 26. Qe3 Qxd6 27. Nb3 Rd5 28. Nbd2 Rc8 29. Qxa7 c3 30. Ne4 Qf4 31. Qa6 Rcd8 32. Nxc3 Bxc3 33. Rb3 Qc7 34. h3 Nc5 0-1

[Event "EU-ch U18 Girls 31st"]
[Site "Mamaia"]
[Date "2023.09.11"]
[Round "6"]
[White "Ivanytska, Liudmyla"]
[Black "Puia, Alexia Teodora"]
[Result "0-1"]
[WhiteElo "1965"]
[BlackElo "1666"]
[PlyCount "74"]
[EventDate "2023.09.05"]
[EventType "swiss"]
[EventRounds "9"]
[EventCountry "ROU"]
[SourceTitle "EXT 2024"]
[Source "ChessBase"]
[SourceDate "2023.10.10"]
[SourceVersion "1"]
[SourceVersionDate "2023.10.10"]
[SourceQuality "1"]

1. e4 c5 2. Nc3 a6 3. g3 b5 4. Bg2 Bb7 5. Nge2 Nc6 6. d4 cxd4 7. Nxd4 e6 8. 0-0 Qc7 9. a3 Nf6 10. Be3 Be7 11. f4 d6 12. Nb3 0-0 13. g4 Nd7 14. g5 b4 15. Ne2 bxa3 16. bxa3 Na5 17. Nbd4 Nc5 18. Ng3 Nc4 19. Bc1 d5 20. exd5 Bxd5 21. Bxd5 exd5 22. Ndf5 Rfd8 23. Rf3 Ne6 24. Nh5 Bc5+ 25. Kh1 d4 26. Qd3 Qb7 27. Kg1 Ne3 28. Nh4 Nxc2 29. Rh3 Nxa1 30. f5 Qb3 31. fxe6 Qxd3 32. exf7+ Kxf7 33. Rxd3 Rab8 34. Kf2 Rb3 35. Nf4 Bd6 36. Rd1 Rb1 37. Ke2 Re8+ 0-1

[Event "EU-chT U18 Girls"]
[Site "Iasi"]
[Date "2023.07.30"]
[Round "7.1"]
[White "Puia, Alexia Teodora"]
[Black "Trifoi, Mihaela Ioana"]
[Result "1/2-1/2"]
[WhiteElo "1788"]
[BlackElo "1963"]
[PlyCount "87"]
[EventDate "2023.07.24"]
[EventType "team-swiss"]
[EventRounds "7"]
[EventCountry "ROU"]
[SourceTitle "CBM 215 Extra"]
[Source "ChessBase"]
[SourceDate "2023.09.30"]
[SourceVersion "1"]
[SourceVersionDate "2023.09.30"]
[SourceQuality "1"]
[WhiteTeam "Romania CSM Masters U18 Girls"]
[BlackTeam "Romania U18 Girls"]
[WhiteTeamCountry "ROU"]
[BlackTeamCountry "ROU"]

1. d4 d5 2. c4 e6 3. Nc3 Nf6 4. cxd5 exd5 5. Bg5 c6 6. Qc2 Be7 7. e3 Nbd7 8. Bd3 Nh5 9. Bxe7 Qxe7 10. 0-0-0 g6 11. h3 Nb6 12. Nf3 Ng7 13. g4 Bd7 14. Kb1 0-0-0 15. Na4 Nxa4 16. Qxa4 Kb8 17. Qb3 Ne8 18. Rc1 Nd6 19. Ne5 Ka8 20. Rc5 f6 21. Nxd7 Rxd7 22. Rhc1 Nc8 23. Qa4 Kb8 24. R1c3 Qe6 25. b4 Ne7 26. b5 cxb5 27. Bxb5 Rd6 28. Bd3 Rc8 29. Rb3 Rb6 30. Rxc8+ Nxc8 31. Qa5 Qd6 32. Rxb6 Qxb6+ 33. Qxb6 Nxb6 34. Kc2 Kc7 35. Kc3 Kd6 36. Kd2 a6 37. Kc3 Kc6 38. Kb4 Na8 39. Bc2 Nc7 40. Ba4+ b5 41. Bc2 Kb6 42. Kc3 a5 43. a3 Kc6 44. Bd3 1/2-1/2

[Event "EU-chT U18 Girls"]
[Site "Iasi"]
[Date "2023.07.28"]
[Round "5.1"]
[White "Puia, Alexia Teodora"]
[Black "Mihelic, Vesna"]
[Result "1-0"]
[WhiteElo "1788"]
[BlackElo "2093"]
[PlyCount "101"]
[EventDate "2023.07.24"]
[EventType "team-swiss"]
[EventRounds "7"]
[EventCountry "ROU"]
[SourceTitle "CBM 215 Extra"]
[Source "ChessBase"]
[SourceDate "2023.09.30"]
[SourceVersion "1"]
[SourceVersionDate "2023.09.30"]
[SourceQuality "1"]
[WhiteTeam "Romania CSM Masters U18 Girls"]
[BlackTeam "Slovenia U18 Girls"]
[WhiteTeamCountry "ROU"]
[BlackTeamCountry "SLO"]

1. d4 d5 2. c4 e6 3. Nc3 h6 4. cxd5 exd5 5. Bf4 Nf6 6. e3 c6 7. Bd3 Bd6 8. Bg3 0-0 9. Nge2 Re8 10. 0-0 b6 11. Rc1 Bb7 12. Bxd6 Qxd6 13. Ng3 Nbd7 14. Qf3 g6 15. Rfd1 Qe6 16. Qf4 h5 17. Qg5 Nh7 18. Qh6 f5 19. Nxd5 cxd5 20. Rc7 Rab8 21. Bb5 Nhf8 22. Rdc1 Rbc8 23. Ne2 Rxc7 24. Rxc7 Ba8 25. Nf4 Qf7 26. Bxd7 Nxd7 27. Nxg6 Qg7 28. Qxg7+ Kxg7 29. Ne5 Kf6 30. Rxd7 Rc8 31. h4 a5 32. Rd6+ Ke7 33. Rxb6 Rc2 34. Rb8 Bc6 35. Rc8 Ba4 36. Rxc2 Bxc2 37. Nc6+ Kd6 38. Nxa5 Kc7 39. Nb3 Kb6 40. Nc5 Kb5 41. Kf1 Bb1 42. a3 Kc4 43. Ke1 f4 44. Kd2 fxe3+ 45. fxe3 Bf5 46. b3+ Kb5 47. Kc3 Kc6 48. b4 Bc8 49. a4 Kb6 50. Nb3 Bd7 51. b5 1-0

[Event "EU-chT U18 Girls"]
[Site "Iasi"]
[Date "2023.07.24"]
[Round "1.1"]
[White "Puia, Alexia Teodora"]
[Black "Sulyok, Eszter"]
[Result "0-1"]
[WhiteElo "1788"]
[BlackElo "2066"]
[PlyCount "114"]
[EventDate "2023.07.24"]
[EventType "team-swiss"]
[EventRounds "7"]
[EventCountry "ROU"]
[SourceTitle "CBM 215 Extra"]
[Source "ChessBase"]
[SourceDate "2023.09.30"]
[SourceVersion "1"]
[SourceVersionDate "2023.09.30"]
[SourceQuality "1"]
[WhiteTeam "Romania CSM Masters U18 Girls"]
[BlackTeam "Hungary U18 Girls"]
[WhiteTeamCountry "ROU"]
[BlackTeamCountry "HUN"]

1. d4 d5 2. c4 e6 3. Nc3 c6 4. cxd5 exd5 5. Qc2 Bd6 6. Nf3 h6 7. e3 Nf6 8. Bd3 0-0 9. 0-0 Re8 10. Ne2 Ne4 11. Bxe4 dxe4 12. Nd2 Bf5 13. Ng3 Bg6 14. Qb3 b5 15. a4 a6 16. axb5 cxb5 17. Qc3 Ra7 18. Nb3 Nd7 19. Bd2 h5 20. Qc6 Re6 21. Ba5 Qb8 22. d5 Re8 23. Rfc1 h4 24. Nf1 Ne5 25. Qb6 Nc4 26. Qxb8 Rxb8 27. Nd4 Rd7 28. Nc6 Ra8 29. Bc3 Bf8 30. Rd1 Nb6 31. Bb4 Rxd5 32. Bxf8 Kxf8 33. Nd2 f6 34. Nb4 Rd6 35. Nb3 Rxd1+ 36. Rxd1 a5 37. Nc6 Nc4 38. Nbxa5 Nxa5 39. Ra1 Nxc6 40. Rxa8+ Be8 41. Kf1 Ne5 42. Ke2 Nd3 43. f3 Nxb2 44. fxe4 Nc4 45. Kd3 Kf7 46. Ra7+ Kg6 47. Re7 Ne5+ 48. Kc3 Bc6 49. Kd4 b4 50. Ra7 Bb5 51. Rb7 Bf1 52. g3 h3 53. Kc5 Bg2 54. Kd5 Ng4 55. Rxb4 Nxe3+ 56. Kc5 Ng4 57. Rb2 Nxh2 0-1

[Event "ROM-ch (Women)"]
[Site "Sebes"]
[Date "2023.02.22"]
[Round "5"]
[White "Puia, Alexia Teodora"]
[Black "Chicarosie, Ioana Bianca"]
[Result "0-1"]
[WhiteElo "1638"]
[BlackElo "1815"]
[PlyCount "96"]
[EventDate "2023.02.19"]
[EventType "swiss"]
[EventRounds "9"]
[EventCountry "ROU"]
[SourceTitle "CBM 212 Extra"]
[Source "ChessBase"]
[SourceDate "2023.03.31"]
[SourceVersion "1"]
[SourceVersionDate "2023.03.31"]
[SourceQuality "1"]

1. d4 d5 2. c4 e6 3. Nc3 Nf6 4. cxd5 exd5 5. Bg5 Be7 6. Qc2 c6 7. e3 Nbd7 8. Bd3 Nh5 9. Bxe7 Qxe7 10. h3 g6 11. Nf3 Nf4 12. 0-0 Nxd3 13. Qxd3 Nf6 14. Ne5 Bf5 15. Qe2 Ne4 16. Nxe4 dxe4 17. Rac1 0-0 18. Rc5 Be6 19. b4 f6 20. Ng4 h5 21. Nh2 Rac8 22. Qc2 Bd5 23. Rc1 b6 24. Rxd5 cxd5 25. Qxc8 Rxc8 26. Rxc8+ Kf7 27. Nf1 Qxb4 28. Rc7+ Ke6 29. Rxa7 f5 30. a3 Qb2 31. a4 Qb4 32. Ra6 Kd7 33. Ra7+ Kc8 34. Rg7 Qxa4 35. Rxg6 b5 36. Rc6+ Kd7 37. Rc1 Qa2 38. Rc5 b4 39. Kh2 Qxf2 40. Rxd5+ Kc6 41. Rc5+ Kb6 42. Ng3 b3 43. Rc3 b2 44. Rb3+ Kc6 45. Nxf5 Qc2 46. d5+ Kxd5 47. Rb5+ Kc4 48. Nd6+ Kd3 0-1

[Event "ROM-chT (Women)"]
[Site "Oradea"]
[Date "2022.09.26"]
[Round "4.8"]
[White "Puia, Alexia Teodora"]
[Black "Aciu, Malina Andreea"]
[Result "0-1"]
[WhiteElo "1776"]
[BlackElo "2019"]
[PlyCount "46"]
[EventDate "2022.09.23"]
[EventType "team-tourn"]
[EventRounds "7"]
[EventCountry "ROU"]
[SourceTitle "CBM 210 Extra"]
[Source "ChessBase"]
[SourceDate "2022.11.30"]
[SourceVersion "1"]
[SourceVersionDate "2022.11.30"]
[SourceQuality "1"]

1. Nf3 d5 2. c4 dxc4 3. Qc2 Nc6 4. Qxc4 e5 5. d3 Bd6 6. Ng5 Qe7 7. Nc3 Nf6 8. g3 Nd4 9. Nce4 b5 10. Nxd6+ cxd6 11. Qc3 Bb7 12. Bh3 Bxh1 13. f3 0-0 14. Kf2 h6 15. Ne4 Nd5 16. Qd2 f5 17. Nc3 Nb6 18. b4 Qb7 19. Qd1 Rac8 20. Bb2 Bxf3 21. exf3 Nd5 22. Rc1 Nxc3 23. Bxc3 Qd5 0-1

[Event "ROM-ch U16 Girls"]
[Site "Eforie Nord"]
[Date "2022.04.15"]
[Round "6"]
[White "Puia, Alexia Teodora"]
[Black "Roncea, Andrea Alexandra"]
[Result "1-0"]
[WhiteElo "1697"]
[BlackElo "1469"]
[PlyCount "43"]
[EventDate "2022.04.11"]
[EventType "swiss"]
[EventRounds "9"]
[EventCountry "ROU"]
[SourceTitle "EXT 2023"]
[Source "ChessBase"]
[SourceDate "2022.10.05"]
[SourceVersion "1"]
[SourceVersionDate "2022.10.05"]
[SourceQuality "1"]

1. e4 e5 2. Nf3 Nc6 3. Bc4 Bc5 4. 0-0 d6 5. d4 Bb6 6. Ng5 Nh6 7. Qh5 0-0 8. Nc3 Nxd4 9. Nd5 Nxc2 10. Nxh7 Kxh7 11. Bg5 f6 12. Bxh6 gxh6 13. Nxb6 Qe7 14. Nxa8 Nxa1 15. Rxa1 Qg7 16. h3 c6 17. Rd1 Rd8 18. Rd3 Qg5 19. Qf7+ Qg7 20. Qxg7+ Kxg7 21. Nc7 f5 22. Rxd6 1-0

[Event "ROM-ch U16 Girls"]
[Site "Mamaia"]
[Date "2021.04.11"]
[Round "7"]
[White "Schiopu, Oana Magdalena"]
[Black "Puia, Alexia Teodora"]
[Result "0-1"]
[WhiteElo "1601"]
[BlackElo "1697"]
[PlyCount "68"]
[EventDate "2021.04.07"]
[EventType "swiss"]
[EventRounds "9"]
[EventCountry "ROU"]
[SourceTitle "EXT 2022"]
[Source "ChessBase"]
[SourceDate "2021.10.06"]
[SourceVersion "1"]
[SourceVersionDate "2021.10.06"]
[SourceQuality "1"]

1. e4 c5 2. d3 Nc6 3. g3 g6 4. Bg2 Bg7 5. Nc3 e6 6. f4 Nge7 7. Nf3 d5 8. 0-0 0-0 9. Kh1 a6 10. exd5 exd5 11. Ne2 d4 12. Bd2 Nd5 13. Qc1 Re8 14. Neg1 Nce7 15. c4 dxc3 16. bxc3 Bf5 17. d4 Rc8 18. Qa3 Nb6 19. Qb3 cxd4 20. Nxd4 Nc4 21. Ngf3 Nxd2 22. Nxd2 Bxd4 23. cxd4 Qxd4 24. Nf3 Qd5 25. Qa3 Be4 26. Rad1 Qh5 27. Rde1 Nf5 28. Kg1 Rc2 29. Qb4 a5 30. Qa3 Nd4 31. Rxe4 Rxe4 32. Nxd4 Rxd4 33. h4 Rdd2 34. Bxb7 Qe2 0-1

[Event "Wch FIDE Online U14 Girls Europe qual"]
[Site "Tornelo INT"]
[Date "2020.12.07"]
[Round "1"]
[White "Kuznetsova, Marina"]
[Black "Puia, Alexia Teodora"]
[Result "1-0"]
[WhiteElo "1588"]
[BlackElo "1654"]
[PlyCount "61"]
[EventDate "2020.12.07"]
[EventType "swiss (rapid)"]
[EventRounds "7"]
[EventCountry "ISS"]
[SourceTitle "EXT 2022"]
[Source "ChessBase"]
[SourceDate "2021.10.06"]
[SourceVersion "1"]
[SourceVersionDate "2021.10.06"]
[SourceQuality "1"]

1. e4 c5 2. Nf3 e6 3. g3 g6 4. d4 Bg7 5. dxc5 Qa5+ 6. c3 Qxc5 7. Be3 Qc7 8. Bg2 Ne7 9. 0-0 0-0 10. Na3 a6 11. e5 Nf5 12. Bf4 Nc6 13. Nc4 b5 14. Nd6 Nxd6 15. exd6 Qb6 16. Be3 Qb8 17. Qd2 Bb7 18. Rad1 Ne5 19. Nxe5 Bxe5 20. Bf4 Bxg2 21. Kxg2 Bg7 22. h4 Re8 23. Bg5 f6 24. Bh6 Bh8 25. Qe3 a5 26. Rd3 Ra6 27. Rfd1 e5 28. h5 g5 29. Bxg5 fxg5 30. Qxg5+ Bg7 31. h6 1-0

[Event "Wch FIDE Online U14 Girls Europe qual"]
[Site "Tornelo INT"]
[Date "2020.12.07"]
[Round "2"]
[White "Puia, Alexia Teodora"]
[Black "Koniadze, Lizi"]
[Result "1/2-1/2"]
[WhiteElo "1654"]
[BlackElo "1406"]
[PlyCount "97"]
[EventDate "2020.12.07"]
[EventType "swiss (rapid)"]
[EventRounds "7"]
[EventCountry "ISS"]
[SourceTitle "EXT 2022"]
[Source "ChessBase"]
[SourceDate "2021.10.06"]
[SourceVersion "1"]
[SourceVersionDate "2021.10.06"]
[SourceQuality "1"]

1. d4 d5 2. Bf4 e6 3. e3 Nf6 4. Bd3 Be7 5. Nd2 0-0 6. Ngf3 b6 7. Ne5 Bb7 8. Qf3 Nbd7 9. g4 Nxe5 10. Bxe5 Nd7 11. Bf4 c5 12. c3 Rc8 13. Qh3 Nf6 14. g5 Ne4 15. f3 Bxg5 16. fxe4 Bxf4 17. exf4 dxe4 18. Nxe4 Bxe4 19. Bxe4 f5 20. Bc2 cxd4 21. 0-0 dxc3 22. bxc3 Qd2 23. Bb3 Rxc3 24. Bxe6+ Kh8 25. Qg2 Qe3+ 26. Kh1 Qxe6 27. Rg1 g6 28. Qb2 Qc6+ 29. Rg2 Kg8 30. Re1 Rc8 31. Reg1 Rc2 32. Qb3+ Kg7 33. h3 Rxg2 34. Rxg2 Qc1+ 35. Rg1 Qxf4 36. Qb2+ Kh6 37. Qa3 Qe4+ 38. Rg2 Qb1+ 39. Kh2 Rc2 40. Qe3+ f4 41. Qxf4+ Kg7 42. Qd4+ Kf7 43. Qd7+ Kf6 44. Qd6+ Kg7 45. Qe7+ Kh6 46. Qh4+ Kg7 47. Qe7+ Kg8 48. Qe8+ Kg7 49. Qe7+ 1/2-1/2

[Event "Balkan-ch U14 Girls"]
[Site "Tornelo INT"]
[Date "2020.11.01"]
[Round "7"]
[White "Puia, Alexia Teodora"]
[Black "Shuqja, Klean"]
[Result "1/2-1/2"]
[WhiteElo "1654"]
[BlackElo "1566"]
[PlyCount "73"]
[EventDate "2020.10.31"]
[EventType "swiss"]
[EventRounds "7"]
[EventCountry "NET"]
[SourceTitle "EXT 2023"]
[Source "ChessBase"]
[SourceDate "2022.10.05"]
[SourceVersion "1"]
[SourceVersionDate "2022.10.05"]
[SourceQuality "1"]

1. d4 Nf6 2. Bf4 g6 3. e3 Bg7 4. Bd3 d5 5. Nf3 0-0 6. Nbd2 Nbd7 7. Ne5 Nxe5 8. Bxe5 Nd7 9. Bxg7 Kxg7 10. h4 e5 11. dxe5 Nxe5 12. Be2 h5 13. Nf3 Nxf3+ 14. Bxf3 c6 15. Qd2 Qf6 16. 0-0-0 Bf5 17. Rhg1 Qxh4 18. g3 Qf6 19. g4 hxg4 20. Bxg4 Bxg4 21. Rxg4 Rh8 22. Rf4 Qe5 23. Qe2 Rh5 24. Qg4 Qe6 25. Qf3 Rah8 26. Rb4 b6 27. e4 Rh3 28. exd5 Rxf3 29. dxe6 fxe6 30. Rd7+ Rf7 31. Rbd4 Rhf8 32. R4d6 Rxd7 33. Rxd7+ Rf7 34. Rd6 Rxf2 35. Rxe6 Rf6 36. Re7+ Rf7 37. Re6 1/2-1/2

[Event "Balkan-ch U14 Girls"]
[Site "Tornelo INT"]
[Date "2020.10.31"]
[Round "2"]
[White "Mitkova, Victoria Elizabeth"]
[Black "Puia, Alexia Teodora"]
[Result "0-1"]
[WhiteElo "1105"]
[BlackElo "1654"]
[PlyCount "74"]
[EventDate "2020.10.31"]
[EventType "swiss"]
[EventRounds "7"]
[EventCountry "NET"]
[SourceTitle "EXT 2023"]
[Source "ChessBase"]
[SourceDate "2022.10.05"]
[SourceVersion "1"]
[SourceVersionDate "2022.10.05"]
[SourceQuality "1"]

1. e4 c5 2. Nf3 e6 3. d4 cxd4 4. Nxd4 Nc6 5. Nxc6 bxc6 6. Nc3 Qc7 7. Bc4 Nf6 8. Bg5 Be7 9. Qd2 h6 10. Bh4 0-0 11. Bg3 d6 12. 0-0-0 Rd8 13. f3 Rb8 14. Qe3 Qb7 15. b3 d5 16. exd5 cxd5 17. Be2 Ra8 18. Qf2 Ba3+ 19. Kb1 Bd7 20. Bh4 Be7 21. Bd3 a5 22. Ka1 Qb4 23. Bxf6 Bxf6 24. Kb1 Qxc3 25. Kc1 Qb2+ 26. Kd2 Rdc8 27. a4 Rab8 28. Ke1 e5 29. Kf1 Re8 30. Re1 Rbc8 31. g3 Bh3+ 32. Kg1 e4 33. fxe4 Bd4 34. Re3 Qc1+ 35. Bf1 Bxe3 36. exd5 Bxf2+ 37. Kxf2 Qe3# 0-1

[Event "Balkan-ch U14 Girls"]
[Site "Tornelo INT"]
[Date "2020.10.31"]
[Round "1"]
[White "Puia, Alexia Teodora"]
[Black "Tsakona, Maria"]
[Result "0-1"]
[WhiteElo "1654"]
[BlackElo "1357"]
[PlyCount "46"]
[EventDate "2020.10.31"]
[EventType "swiss"]
[EventRounds "7"]
[EventCountry "NET"]
[SourceTitle "EXT 2023"]
[Source "ChessBase"]
[SourceDate "2022.10.05"]
[SourceVersion "1"]
[SourceVersionDate "2022.10.05"]
[SourceQuality "1"]

1. d4 Nf6 2. Bf4 e6 3. e3 c5 4. c3 d5 5. Bd3 Bd6 6. Bg3 Qc7 7. Nf3 Nbd7 8. Nbd2 0-0 9. 0-0 Bxg3 10. hxg3 e5 11. e4 dxe4 12. Nxe4 Nxe4 13. Bxe4 Nf6 14. Bb1 e4 15. Ne5 Rd8 16. Re1 cxd4 17. cxd4 Qb6 18. Bxe4 Rxd4 19. Qc2 Nxe4 20. Rxe4 Bf5 21. Rae1 Rad8 22. Nc6 Rxe4 23. Rxe4 bxc6 0-1

[Event "EU-ch Online U14 Girls"]
[Site "Tornelo INT"]
[Date "2020.09.19"]
[Round "5"]
[White "Puia, Alexia Teodora"]
[Black "Roebers, Eline"]
[Result "0-1"]
[WhiteElo "1654"]
[BlackElo "2066"]
[PlyCount "74"]
[EventDate "2020.09.18"]
[EventType "swiss (rapid)"]
[EventRounds "9"]
[EventCountry "NET"]
[SourceTitle "EXT 2023"]
[Source "ChessBase"]
[SourceDate "2022.10.05"]
[SourceVersion "1"]
[SourceVersionDate "2022.10.05"]
[SourceQuality "1"]
[WhiteTeam "Romania"]
[BlackTeam "Netherlands"]
[WhiteTeamCountry "ROU"]
[BlackTeamCountry "NED"]

1. d4 f5 2. Nc3 Nf6 3. Bg5 d5 4. Bxf6 exf6 5. e3 Be6 6. Bd3 Qd7 7. Qf3 Nc6 8. a3 Ne7 9. Nge2 0-0-0 10. Ng3 g6 11. 0-0-0 Kb8 12. Kb1 c6 13. h4 h5 14. Nce2 Nc8 15. Nf4 Bf7 16. Qe2 Nd6 17. Qd2 Bh6 18. Nge2 Rhe8 19. g3 b6 20. Nc3 Qb7 21. Na4 Bf8 22. Ka1 Ka8 23. Rb1 Rc8 24. Qe2 Rc7 25. b4 Nb5 26. Rb3 Nxd4 27. Qd2 Nxb3+ 28. cxb3 c5 29. bxc5 bxc5 30. Rb1 Bd6 31. Qa5 Rb8 32. Ka2 Qc6 33. Nc3 Rcb7 34. Be2 d4 35. exd4 cxd4 36. Nd1 Rxb3 37. Rxb3 Bxb3+ 0-1

[Event "EU-ch Online U14 Girls"]
[Site "Tornelo INT"]
[Date "2020.09.18"]
[Round "3"]
[White "Bashylina, Luisa"]
[Black "Puia, Alexia Teodora"]
[Result "1-0"]
[WhiteElo "2005"]
[BlackElo "1654"]
[PlyCount "67"]
[EventDate "2020.09.18"]
[EventType "swiss (rapid)"]
[EventRounds "9"]
[EventCountry "NET"]
[SourceTitle "EXT 2023"]
[Source "ChessBase"]
[SourceDate "2022.10.05"]
[SourceVersion "1"]
[SourceVersionDate "2022.10.05"]
[SourceQuality "1"]
[WhiteTeam "Germany"]
[BlackTeam "Romania"]
[WhiteTeamCountry "GER"]
[BlackTeamCountry "ROU"]

1. e4 c5 2. Nf3 e6 3. d4 cxd4 4. Nxd4 Nc6 5. Nb3 Qc7 6. Bd3 Nf6 7. 0-0 Be7 8. Qe2 0-0 9. c4 b6 10. Nc3 a6 11. f4 d6 12. Bd2 Re8 13. Rae1 Nd7 14. Rf3 Nc5 15. Rh3 h6 16. Nxc5 dxc5 17. e5 Rd8 18. Qe4 f5 19. exf6 Bxf6 20. Qh7+ Kf8 21. Rxh6 Qd6 22. Rh3 Nb4 23. Ne4 Qd4+ 24. Be3 Qxd3 25. Bxc5+ bxc5 26. Rxd3 Nxd3 27. Rf1 Bd4+ 28. Kh1 Bb7 29. Ng5 Nf2+ 30. Rxf2 Bxf2 31. Qh8+ Ke7 32. Qxg7+ Kd6 33. Qxb7 Rdb8 34. Nf7# 1-0

[Event "FISCA Online op"]
[Site "Chess.com INT"]
[Date "2020.06.22"]
[Round "4"]
[White "Bhandari, Arya Neel"]
[Black "Puia, Alexia Teodora"]
[Result "0-1"]
[WhiteElo "1190"]
[BlackElo "1740"]
[PlyCount "58"]
[EventDate "2020.06.19"]
[EventType "swiss"]
[EventRounds "9"]
[EventCountry "ROU"]
[SourceTitle "CBM 197 Extra"]
[Source "ChessBase"]
[SourceDate "2020.09.30"]
[SourceVersion "1"]
[SourceVersionDate "2020.09.30"]
[SourceQuality "1"]

1. e4 c5 2. c3 Nf6 3. e5 Nd5 4. d4 cxd4 5. Nf3 e6 6. cxd4 d6 7. Nc3 Nxc3 8. bxc3 Qc7 9. Qc2 Nc6 10. Bf4 dxe5 11. Bxe5 Nxe5 12. Nxe5 Bd6 13. Bb5+ Ke7 14. Nc4 Bxh2 15. g3 Bxg3 16. fxg3 a6 17. Ne5 axb5 18. Qd3 Ra3 19. Kd2 b4 20. Rhc1 bxc3+ 21. Rxc3 Qxc3+ 22. Qxc3 Rxc3 23. Kxc3 f6 24. Nc4 Bd7 25. Nb6 Bc6 26. a4 Kd8 27. Kb4 Kc7 28. Kc5 h5 29. Rh1 Bxh1 0-1

[Event "EU-ch U14 Girls"]
[Site "Bratislava"]
[Date "2019.08.06"]
[Round "5"]
[White "Puia, Alexia Teodora"]
[Black "Ruseva, Eva"]
[Result "1-0"]
[WhiteElo "1708"]
[BlackElo "1796"]
[PlyCount "61"]
[EventDate "2019.08.02"]
[EventType "swiss"]
[EventRounds "9"]
[EventCountry "SVK"]
[SourceTitle "EXT 2020"]
[Source "ChessBase"]
[SourceDate "2019.10.17"]
[SourceVersion "1"]
[SourceVersionDate "2019.10.17"]
[SourceQuality "1"]

1. d4 Nf6 2. c4 g6 3. Nc3 Bg7 4. e4 d6 5. Be2 0-0 6. Be3 e5 7. d5 a5 8. g4 Ne8 9. Qd2 f5 10. gxf5 gxf5 11. Bg5 Bf6 12. Nf3 Bxg5 13. Rg1 f4 14. Rxg5+ Ng7 15. 0-0-0 h6 16. Rg6 Rf6 17. Rdg1 Rxg6 18. Rxg6 Kh7 19. Rg1 Bd7 20. c5 Na6 21. c6 bxc6 22. dxc6 Bxc6 23. Bxa6 Rxa6 24. Nxe5 Be8 25. Qd3 Ra8 26. Ng4 Bg6 27. Nd5 Nh5 28. Qc3 Qh8 29. Ngf6+ Nxf6 30. Nxf6+ Kg7 31. Nh5+ 1-0